Online
Catalog

Orígenes de la revolución nacional boliviana : (Record no. 21688)

MARC details
000 -CABECERA
campo de control de longitud fija 01005nam a2200241 a 4500
001 - NÚMERO DE CONTROL
campo de control 000022190
005 - FECHA Y HORA DE LA ÚLTIMA TRANSACCIÓN
campo de control 20200930011625.0
008 - DATOS DE LONGITUD FIJA--INFORMACIÓN GENERAL
campo de control de longitud fija 100917s1993 mx 000 0 spa d
020 ## - NÚMERO INTERNACIONAL ESTÁNDAR DEL LIBRO
Número Internacional Estándar del Libro 9682948290
020 ## - NÚMERO INTERNACIONAL ESTÁNDAR DEL LIBRO
Número Internacional Estándar del Libro 9700504891
040 ## - FUENTE DE LA CATALOGACIÓN
Centro catalogador/agencia de origen DO-SdBNP
Lengua de catalogación spa
Centro/agencia transcriptor BNPHU
082 ## - NÚMERO DE LA CLASIFICACIÓN DECIMAL DEWEY
Número de clasificación nn*
Número de documento/Ítem nn*
049 ## - FONDOS LOCALES (OCLC)
Fondos de biblioteca BNGR
100 1# - ENTRADA PRINCIPAL--NOMBRE DE PERSONA
Nombre de persona Klein, Herbert S.
9 (RLIN) 45909
240 14 - TÍTULO UNIFORME
Título uniforme The origins of the Bolivian national revolution: parties, politics amd war, 1920-1943.
Lenguaje de la obra Español
245 10 - MENCIÓN DE TÍTULO
Título Orígenes de la revolución nacional boliviana :
Resto del título la crisis de la generación de Chaco /
Mención de responsabilidad, etc. Herbert S. Klein ; traducción Miguel Hidalgo.
260 ## - PUBLICACIÓN, DISTRIBUCIÓN, ETC.
Lugar de publicación, distribución, etc. México, D. F. :
Nombre del editor, distribuidor, etc. Consejo Nacional para la Cultura y las Artes ;
-- Grijalbo,
Fecha de publicación, distribución, etc. 1993.
300 ## - DESCRIPCIÓN FÍSICA
Extensión 429 p. ;
Dimensiones 21 cm.
490 1# - MENCIÓN DE SERIE
Mención de serie Claves de América Latina
534 ## - NOTA SOBRE LA VERSIÓN ORIGINAL
Encabezamiento principal del original Tpitulo original en inglés :
Mención de título del original The origins of the Bolivian national revolution: parties, politics amd war, 1920-1943.
700 1# - PUNTO DE ACCESO ADICIONAL--NOMBRE DE PERSONA
Nombre de persona Hidalgo, Miguel,
Término indicativo de función/relación tr.
9 (RLIN) 45910
830 #0 - PUNTO DE ACCESO ADICIONAL DE SERIE-TÍTULO UNIFORME
Título uniforme Claves de América Latina
9 (RLIN) 32587
Holdings
Estado de retiro Estado de pérdida Restricciones de uso No para préstamo Código de colección Localización permanente Ubicación/localización actual Ubicación en estantería Fecha de adquisición Número de inventario Total de préstamos Signatura topográfica completa Código de barras Fecha visto por última vez Precio válido a partir de Tipo de ítem Koha
        Monografías: Libros y Folletos General General En catalogación 17.09.2010 LF1   nn* nn* 22190-10 25.06.2020 25.06.2020 Préstamo en sala

Powered by Koha